Business Transactions Law / (Record no. 65)

MARC details
000 -LEADER
fixed length control field 00497nam a22001697a 4500
005 - DATE AND TIME OF INPUT
control field 20231026064946.0
008 - DATA ELEMENTS--GENERAL INFORMATION
fixed length control field 231026b |||||||| |||| 00| 0 eng
020 ## - INTERNATIONAL STANDARD BOOK NUMBER
International Standard Book Number 9780702185434
082 ## - SHELF NUMBER
DDC number 346.7 SHA
100 ## - MAIN AUTHOR
Main author's name Sharrock, R
Language of a work English
245 ## - TITLE STATEMENT
Title Business Transactions Law /
Statement of responsibility, etc. R Sharrock
250 ## - EDITION STATEMENT
Edition statement Eighth Edition
260 ## - PUBLICATION, DISTRIBUTION, ETC.
Place of publication, distribution, etc. Cape Town :
Name of publisher, distributor, etc. Juta & Co. Ltd,
Date of publication, distribution, etc. 2011
300 ## - PHYSICAL DESCRIPTION
Other physical details xxxiv, 935 pages ;
Dimensions 25,2 cm.
650 ## - SUBJECT`
Broad subject Legal practice
Own subject terms Law
942 ## - ADDED ENTRY ELEMENTS (KOHA)
Item type Books
942 ## - ADDED ENTRY ELEMENTS (KOHA)
-- ALISON_BN_VRIES
Holdings
Source of classification or shelving scheme Not for loan Collection code Home library Current library Shelving location Date acquired Full call number Barcode Price effective from Koha item type
Dewey Decimal Classification   TEXT BOOKS LAW SOCIETY OF NAMIBIA LIBRARY - WINDHOEK LAW SOCIETY OF NAMIBIA LIBRARY - WINDHOEK Civil Procedure and Court 10/26/2023 346.7 SHA LSN/2011/81 10/26/2023 Books